00930nam a22002417a 450000500170000001000190001702000490003602000490008503500170013403700130015108200130016410000170017724501500019425000300034426000310037427000860040530000610049150000190055250500570057170000170062870000230064570000200066820161025151425.0 aENG-116294-295 c4795.00(Set of 2 vols.)a9789350357484 (v.1) c4795.00(Set of 2 vols.)a9789350357484 (v.2) aEN-99826-827 bDBAD/PUB a347.5406 aSarkar, M.C. aSarkar law of evidence :cby M.C. Sarkar, S.C. Sarkar [and] P. C. Sarkarbin India, Pakistan, Bangladesh, Burma, Ceylon, Malaysia and Singapore / a19th ed by Sudipto Sarkar bLexis Nexisc2016aGurgaon a14th Floor; Building No. 10 Tower -B , DLF Cyber City ,Phase-IIbGurgaon e122002c a2-Vol.(xxxi,1991,171p.; dlxxv,1992-3250,171p.)c24cm(Hb)i aIncludes index aV.1 sections 1 to 100; V.2 101 to 167 and appendices aSarkar, S.C. aSarkar, Prabhas C. aSarkar, Sudipto